S2 : Sociologie Politique auteurs - Statistiques

Statistiques générales
  • Ce quiz a été pris 28 fois
    15 depuis la dernière actualisation
  • Le résultat moyen est 6 sur 34
Statistiques - réponses
Description Auteur % Correct
Auteur de l'ouvrage "De la démocratie en Amérique" Alexis de Tocqueville
90%
Sociologue français, célèbre pour ses travaux sur les champs sociaux, y compris le champ politique. Il a notamment développé la notion de "champ du pouvoir" dans son ouvrage "Esquisse d’une théorie de la pratique" (1972). Pierre Bourdieu
70%
Il est cité dans le contexte de l’expression "vivre pour la politique et de la politique" dans "Le savant et la politique" (1919). Max Weber
60%
Énonce le paradoxe du vote dans une perspective de choix rationnel Anthony Downs
40%
Auteur de "Principes du gouvernement représentatif" (1995), il développe la théorie du gouvernement représentatif et expose quatre principes permanents du gouvernement représentatif. Bernard Manin
40%
Observations sur l’évolution des partis politiques et la tendance à l’unification des arènes électorales. Daniel Gaxie
40%
Historien et politologue français, connu pour son ouvrage "Tableau politique de la France de l’Ouest" (1913), dans lequel il analyse les comportements électoraux et la sociologie politique des régions de France. André Siegfried
30%
Développe une approche sociologique du vote, avec des enquêtes par panel. Paul Lazarsfeld
30%
Anthropologue français, connu pour son ouvrage "La Société contre l’État" dans lequel il analyse les sociétés sans État et remet en question la nécessité de l'État dans la vie politique des sociétés humaines. Pierre Clastres
30%
Auteur de l'ouvrage "Les partis politiques" (1911), où il analyse la tendance oligarchique des partis. Robert Michels
30%
Auteur des ouvrages "Making Democracy Work" et "Bowling Alone" Robert Putnam
30%
Auteur de l'ouvrage "La révolution silencieuse" Ronald Inglehart
20%
Définition de la démocratie. Abraham Lincoln
10%
Étudie dès les années 1960 l’abstention électorale en France / S’intéresse à l’intégration sociale et aux clivages générationnels, religieux ou territoriaux Alain Lancelot
10%
Conception procédurale de la démocratie. Joseph Schumpeter
10%
Introduit la notion de "filières" dans la carrière politique. Mattei Dogan
10%
Politologue français, auteur de nombreux travaux sur les systèmes électoraux et les partis politiques. Il a été un pionnier dans le développement de la science politique en France et est celui qui a créé le concours de science politique dans les années 1970. Maurice Duverge
10%
Collabore avec Verba sur les mêmes thématiques : rôle du niveau d’études, des ressources, etc. Norman Nie
10%
Travaillent sur les approches localisées du politique dans leur ouvrage sur la démocratie. Céline Braconnier et Jean-Yves Dormagen
0%
Travaux sur la sociologie électorale. Columbia School
0%
Dépenses en sondages et son faible ancrage idéologique. Emmanuel Macron
0%
Critique morale des élus s'enrichissant sur le dos des populations et des élites sociales qui souhaitent conserver le monopole social de la fonction politique. Étienne Ollion
0%
Auteurs de l'ouvrage "The Civic Culture: Political Attitudes and Democracy in Five Nations" Gabriel Almond et Sidney Verba
0%
Défendait la thèse sur l'influence de l'immigration sur le vote en 1986. Hervé Lebra
0%
Dépense en meetings et de son électorat ciblé. Jean-Luc Mélenchon
0%
Travaille sur les effets de l’entourage, la pression sociale et les incitations dans la décision de voter. John Ferejohn
0%
Citée par Bernard Manin, qui décrit l’autonomie réduite des parlementaires dans le cadre de la démocratie des partis. Karl Kautsky
0%
Travaille avec Ferejohn sur les effets sociaux et les pressions de l’environnement politique. Morris Fiorina
0%
Contredit l'approche de Lebra, avec des observations sur le Front National et l'immigration. Nonna Mayer
0%
Sur la transformation des partis politiques européens et le modèle des "partis attrape-tout". Otto Kirchheimer
0%
Sociologue et politologue français, connu pour ses travaux sur la sociologie politique et notamment sur la participation politique, qu’il définit comme "l’ensemble des activités individuelles ou collectives, susceptibles de donner aux gouvernés une influence sur le fonctionnement du système politique." Philippe Braud
0%
Identifie des problèmes avec l'approche écologique du vote, dans les années 1950. Robinson
0%
Sociologue et politologue américain, auteur de l'ouvrage "Political Man: The Social Bases of Politics" (1960), dans lequel il explore les bases sociales du comportement politique, notamment l'influence de la classe sociale, la religion et d'autres facteurs sociaux sur les choix politiques des individus. Seymour Martin Lipset
0%
Auteurs de l'ouvrage "Structures de clivages, systèmes de partis et alignement des électeurs" Stein Rokkan et Seymour Martin Lipset
0%
Aucun quiz correspondant
Distribution des résultats
% des personnes avec chaque résultat
Percentile par nombre de réponses
Votre historique - résultats
Vous n’avez pas pris ce quiz depuis la dernière actualisation